Pharmacy : (Record no. 23253)
[ view plain ]
| 000 -LEADER | |
|---|---|
| fixed length control field | 01231cam a22002415a 4500 |
| 001 - CONTROL NUMBER | |
| control field | 15496676 |
| 005 - DATE AND TIME OF LATEST TRANSACTION | |
| control field | 20161122111426.0 |
| 008 - FIXED-LENGTH DATA ELEMENTS--GENERAL INFORMATION | |
| fixed length control field | 081022t2009 dcua frb 001 0 eng d |
| 020 ## - INTERNATIONAL STANDARD BOOK NUMBER | |
| International Standard Book Number | 9781582121277 |
| 040 ## - CATALOGING SOURCE | |
| Original cataloging agency | DNLM/DLC |
| Transcribing agency | DLC |
| Modifying agency | DLC |
| -- | EG-ScBUE |
| Language of cataloging | eng |
| 082 04 - DEWEY DECIMAL CLASSIFICATION NUMBER | |
| Classification number | 615.1 |
| Edition number | 22 |
| Item number | POS |
| 100 1# - MAIN ENTRY--PERSONAL NAME | |
| Personal name | Posey, L. Michael. |
| 245 10 - TITLE STATEMENT | |
| Title | Pharmacy : |
| Remainder of title | an introduction to the profession / |
| Statement of responsibility, etc | L. Michael Posey. |
| 250 ## - EDITION STATEMENT | |
| Edition statement | 2nd ed. |
| 260 ## - PUBLICATION, DISTRIBUTION, ETC. (IMPRINT) | |
| Place of publication, distribution, etc | Washington : |
| Name of publisher, distributor, etc | American Pharmacists Association, |
| Date of publication, distribution, etc | c.2009. |
| 300 ## - PHYSICAL DESCRIPTION | |
| Extent | x, 211 p. : |
| Other physical details | ill. ; |
| Dimensions | 28 cm. |
| 504 ## - BIBLIOGRAPHY, ETC. NOTE | |
| Bibliography, etc | Includes bibliographical references and index. |
| 505 0# - FORMATTED CONTENTS NOTE | |
| Formatted contents note | Pharmacy's cadence : drumbeat of a profession -- Development of pharmacy in history as a healing profession -- Pharmacy reborn : pharmaceutical care and medication -- Therapy management -- Communications in pharmacy practice -- Ethics in pharmacy practice -- Career planning : practice areas in pharmacy -- Governmental and voluntary oversight of pharmacy -- Pharmacy associations -- Using the pharmacy literature and writing for it -- Postgraduate educational opportunities -- Current issues in pharmacy. |
| 650 #7 - SUBJECT ADDED ENTRY--TOPICAL TERM | |
| Topical term or geographic name as entry element | Pharmacy. |
| Source of heading or term | BUEsh |
| 9 (RLIN) | 39617 |
| 651 ## - SUBJECT ADDED ENTRY--GEOGRAPHIC NAME | |
| Source of heading or term | BUEsh |
| 653 ## - INDEX TERM--UNCONTROLLED | |
| Resource For college | Pharmacy |
| Arrived date list | November2016 |
| 942 ## - ADDED ENTRY ELEMENTS (KOHA) | |
| Source of classification or shelving scheme | Dewey Decimal Classification |
| Withdrawn status | Item status | Source of classification or shelving scheme | Damaged status | Not for loan | Vendor | Home library | Current library | Shelving location | Date acquired | Source of acquisition | Cost, normal purchase price | Serial Enumeration / chronology | Total Checkouts | Total Renewals | Full call number | Barcode | Date last seen | Date last borrowed | Cost, replacement price | Koha item type |
|---|---|---|---|---|---|---|---|---|---|---|---|---|---|---|---|---|---|---|---|---|
| Dewey Decimal Classification | Baccah | Central Library | Central Library | First floor | 22/11/2016 | Purchase | 361.00 | 23587 | 2 | 3 | 615.1 POS | 000034979 | 15/07/2025 | 11/10/2018 | 451.00 | Book - Borrowing |